Statystyki dla Quiz o PRL

Kliknij tutaj aby rozwiązać quiz!

Ogólne statystyki

  • Ten quiz został rozwiązany 181 razy
    (155 od ostatniego zresetowania)
  • Średni wynik to 10 z 15

Statystyki odpowiedzi

HintOdpowiedź% Poprawnych
Państwa granicząceZSRR
93%
Państwa granicząceCzechosłowacja
92%
Państwa granicząceNRD
89%
Rok upadku PRL1989
84%
Rok uchwalenia konstytucji PRL1952
75%
Prezydent który rządził po upadku PRLLech Wałęsa
72%
Ogólnopolski związek narodowy który powstał w 1980 rokuSolidarność
70%
Układ do którego należało PRL w latach 1955-1991Układ Warszawski
68%
Polski polityk komunistyczny rządzący w PRL w latach 1956-1970Gomułka
62%
Dzień, miesiąc i rok wprowadzenia stanu wojennego13 grudnia 1981
61%
Na ile województw zostało podzielone PRL w 1975 roku?49
61%
Jedyny prezydentWojciech Jaruzelski
56%
Pierwszy przewodniczącyBolesław Bierut
51%
Jak się nazywały obrady które zakończyły okres PRL?Okrągły stół
49%
Jaki okres istniał w PRL w latach 1948-1956?Stalinizm
32%

Rozkład punktacji

Percentyl według liczby udzielonych odpowiedzi

Procent ludzi z każdym wynikiem

Twoja historia wyników

Nie rozwiązałeś tego quizu od ostatniego zresetowania